000 00741nam a2200217Ii 4500
003 JO-AjNU
008 230605s9999||||xx |||||||||||||| ||und||
017 _a2008/3/620
020 _a978-9957-492-19-9
040 _aJO-AjNU
_bara
_erda
_cJO-AjNU
041 _aara
050 1 4 _aLB2341.M86 2009
100 3 _aالمومني،خالد سليمان أحمد شحادة,
_eauthor
_927165
245 0 0 _aالإدارة الجامعية (دراسة حديثة)
264 3 1 _aعمان:دار الكتاب الثقافي،2008
300 _a178ص
336 _atext
_btxt
_2rdacontent
337 _aunmediated
_bn
_2rdamedia
338 _avolume
_bnc
_2rdacarrier
650 4 _aالجامعات والكليات-تنظيم و إدارة
_927166
999 _aA10384
_c13952
_d13952